[Event "Europa ch 2014"]
[Site "Yerevan ARM"]
[Date "2014.03.07"]
[Round "5.71"]
[White "Quparadze, Giga"]
[Black "Morchiashvili, Bachana"]
[Result "1/2-1/2"]
[WhiteElo "2507"]
[BlackElo "2335"]
[PlyCount "38"]
[EventDate "2014.03.03"]
[EventType "swiss"]
[EventRounds "11"]
[EventCountry "ARM"]
[Source "lmi"]
[SourceDate "2014.03.02"]

1. e4 e6 2. d4 d5 3. Nd2 dxe4 4. Nxe4 Nd7 5. Nf3 Ngf6 6. Nxf6+ Nxf6 7. Bd3 c5
8. dxc5 Bxc5 9. O-O Qc7 10. Qe2 O-O 11. Bg5 b6 12. Ne5 Bb7 13. Bxf6 gxf6 14.
Bxh7+ Kxh7 15. Qh5+ Kg7 16. Qg4+ Kh7 17. Qh5+ Kg7 18. Qg4+ Kh7 19. Qh5+ Kg7
1/2-1/2

[Event "Europa ch 2014"]
[Site "Yerevan ARM"]
[Date "2014.03.07"]
[Round "5.73"]
[White "Babujian, Levon"]
[Black "Sibashvili, Giorgi"]
[Result "1-0"]
[WhiteElo "2491"]
[BlackElo "2239"]
[PlyCount "85"]
[EventDate "2014.03.03"]
[EventType "swiss"]
[EventRounds "11"]
[EventCountry "ARM"]
[Source "lmi"]
[SourceDate "2014.03.02"]

1. c4 e5 2. Nc3 Nc6 3. g3 g6 4. Bg2 Bg7 5. e3 d6 6. Nge2 Nf6 7. O-O O-O 8. Rb1
Be6 9. Nd5 Qd7 10. Nec3 Ne8 11. b4 Nd8 12. e4 f5 13. d3 c6 14. Ne3 f4 15. Nc2
g5 16. b5 c5 17. Nd5 Qf7 18. Ne1 h5 19. gxf4 exf4 20. Kh1 Bd7 21. h4 Nf6 22.
hxg5 Nxd5 23. cxd5 Qg6 24. Nf3 Bg4 25. Rg1 Nf7 26. Bh3 Nxg5 27. Bxg4 hxg4 28.
Nh4 Nxe4 29. Nxg6 Nxf2+ 30. Kg2 Nxd1 31. Rxd1 f3+ 32. Kg3 Rf6 33. Nf4 Rf5 34.
Kxg4 Raf8 35. Kxf3 Bh6 36. Rg1+ Kh7 37. Rg4 Rxd5 38. Be3 Rxd3 39. Rh1 Rf6 40.
Ke4 Ra3 41. Nd5 Ra4+ 42. Kd3 Ra3+ 43. Kc2 1-0

[Event "Europa ch 2014"]
[Site "Yerevan ARM"]
[Date "2014.03.07"]
[Round "5.74"]
[White "Firat, Burak"]
[Black "Gharagyozyan, Artur"]
[Result "1-0"]
[WhiteElo "2480"]
[BlackElo "2216"]
[PlyCount "71"]
[EventDate "2014.03.03"]
[EventType "swiss"]
[EventRounds "11"]
[EventCountry "ARM"]
[Source "lmi"]
[SourceDate "2014.03.02"]

1. e4 c5 2. Nf3 d6 3. Nc3 g6 4. d4 cxd4 5. Nxd4 Nf6 6. Be3 Bg7 7. f3 O-O 8. Qd2
Nc6 9. g4 Bxg4 10. fxg4 Nxg4 11. Nb3 Nxe3 12. Qxe3 a5 13. a4 Nb4 14. O-O-O Rc8
15. Kb1 d5 16. Bh3 e6 17. e5 Nc6 18. Nxd5 exd5 19. Bxc8 Qxc8 20. Rxd5 Qe6 21.
Rhd1 Nxe5 22. Nxa5 Qf6 23. Rd6 Qh4 24. Qb3 h5 25. h3 g5 26. R6d4 g4 27. hxg4
hxg4 28. Nc4 Nc6 29. R4d3 Qf2 30. Qxb7 Nd4 31. Ne3 g3 32. Qg2 Re8 33. Qxf2 gxf2
34. Rf1 Ra8 35. Rxf2 Rxa4 36. Rf4 1-0

[Event "Europa ch 2014"]
[Site "Yerevan ARM"]
[Date "2014.03.07"]
[Round "5.76"]
[White "Sargissyan, Sargis"]
[Black "Petenyi, Tamas"]
[Result "1/2-1/2"]
[WhiteElo "2242"]
[BlackElo "2468"]
[PlyCount "81"]
[EventDate "2014.03.03"]
[EventType "swiss"]
[EventRounds "11"]
[EventCountry "ARM"]
[Source "lmi"]
[SourceDate "2014.03.02"]

1. e4 e5 2. Nf3 Nc6 3. Bb5 a6 4. Ba4 Nf6 5. O-O Be7 6. Bxc6 dxc6 7. d3 Nd7 8.
Nbd2 O-O 9. Nc4 f6 10. Nh4 Nc5 11. Qf3 Ne6 12. Nf5 Nd4 13. Nxd4 Qxd4 14. Be3
Qd8 15. Qg3 Be6 16. Na5 Qc8 17. Kh1 Rf7 18. f4 exf4 19. Bxf4 Bf8 20. Qe1 c5 21.
Qc3 b6 22. Nc4 Qb7 23. Rf3 Rd8 24. b3 Qc6 25. Ne3 Qd7 26. Raf1 b5 27. Bg3 c4
28. dxc4 bxc4 29. Nxc4 Qc6 30. Rd3 Re8 31. Nd2 Bd7 32. h3 Qxc3 33. Rxc3 Bb4 34.
Rxc7 Ba5 35. Rb7 Bxd2 36. Rd1 Bg4 37. Rxf7 Bxd1 38. Rd7 Bxc2 39. Rxd2 Bxe4 40.
Bc7 Kf7 41. Kg1 1/2-1/2

[Event "Europa ch 2014"]
[Site "Yerevan ARM"]
[Date "2014.03.07"]
[Round "5.77"]
[White "Zanan, Evgeny"]
[Black "Danielian, Elina"]
[Result "0-1"]
[WhiteElo "2236"]
[BlackElo "2467"]
[PlyCount "90"]
[EventDate "2014.03.03"]
[EventType "swiss"]
[EventRounds "11"]
[EventCountry "ARM"]
[Source "lmi"]
[SourceDate "2014.03.02"]

1. d4 Nf6 2. c4 e6 3. Nc3 Bb4 4. e3 O-O 5. Nge2 Re8 6. a3 Bf8 7. d5 a5 8. g3
Na6 9. Bg2 Nc5 10. b3 exd5 11. cxd5 d6 12. Nd4 Bg4 13. f3 Bd7 14. Rb1 c6 15. b4
axb4 16. axb4 Nxd5 17. Nxd5 Na4 18. Nf4 Nc3 19. Qb3 Nxb1 20. Qxb1 Qb6 21. O-O
d5 22. Bd2 Ra3 23. Nd3 Qa7 24. Nc5 b6 25. Nxd7 Qxd7 26. f4 c5 27. Nc2 Rd3 28.
Rd1 Qa4 29. Ne1 Ra3 30. Bxd5 Rd8 31. e4 cxb4 32. Nc2 Bc5+ 33. Kg2 Rxd5 34. exd5
Ra2 35. Ne1 b3 36. Nf3 Qc4 37. Ng5 Qxd5+ 38. Kh3 g6 39. Qe4 Qd7+ 40. Kh4 Be7
41. h3 h6 42. Qe3 hxg5+ 43. fxg5 b2 44. Rb1 Bc5 45. Qe2 Qd4+ 0-1

[Event "Europa ch 2014"]
[Site "Yerevan ARM"]
[Date "2014.03.07"]
[Round "5.78"]
[White "Apresyan, Zohrak"]
[Black "Sipila, Vilka"]
[Result "1/2-1/2"]
[WhiteElo "2136"]
[BlackElo "2457"]
[PlyCount "135"]
[EventDate "2014.03.03"]
[EventType "swiss"]
[EventRounds "11"]
[EventCountry "ARM"]
[Source "lmi"]
[SourceDate "2014.03.02"]

1. e4 c6 2. d4 d5 3. Nd2 dxe4 4. Nxe4 Nf6 5. Nxf6+ exf6 6. Bf4 Qb6 7. Rb1 Be6
8. b3 Bb4+ 9. Bd2 Qxd4 10. Nf3 Qe4+ 11. Be2 O-O 12. O-O a5 13. Re1 Bf5 14. Bd3
Qd5 15. Bxf5 Qxf5 16. Bxb4 axb4 17. Re7 b5 18. Qd6 c5 19. Rbe1 h6 20. Nh4 Qc8
21. Rc7 Qd8 22. Qxd8 Rxd8 23. Rxc5 g6 24. g3 Rxa2 25. Re7 Nd7 26. Rd5 Ra7 27.
Ng2 Rb7 28. Re4 Rdb8 29. Rxb4 Ne5 30. Rf4 Ra8 31. Ne3 Kg7 32. Rd6 f5 33. Kg2
Rc8 34. h3 Nc6 35. Rd5 Kf8 36. Rc5 Ke7 37. c4 b4 38. Rb5 Rcb8 39. Rc5 Nd8 40.
Ra5 Ne6 41. Nd5+ Kf8 42. Rf3 h5 43. h4 Kg7 44. Rd3 Kf8 45. Kf3 Rd8 46. Ke3 Rc8
47. Rb5 Rcb8 48. Rxb7 Rxb7 49. Rd2 Ke8 50. Ra2 Nc5 51. Ra5 Nxb3 52. Rb5 Ra7 53.
Rxb4 Ra3 54. Rb8+ Kd7 55. Rb7+ Kd6 56. Rxf7 Na5+ 57. Ke2 Nxc4 58. Nf4 Ra2+ 59.
Kf1 Nd2+ 60. Kg1 Ne4 61. Nxg6 Nxf2 62. Nf4 Ne4 63. Nxh5 Ke5 64. Re7+ Kd4 65.
Rf7 Ra1+ 66. Kg2 Ra2+ 67. Kg1 Ra1+ 68. Kg2 1/2-1/2

[Event "Europa ch 2014"]
[Site "Yerevan ARM"]
[Date "2014.03.07"]
[Round "5.79"]
[White "Givon, Asaf"]
[Black "Hovhannisyan, Karen"]
[Result "1-0"]
[WhiteElo "2449"]
[BlackElo "2188"]
[PlyCount "53"]
[EventDate "2014.03.03"]
[EventType "swiss"]
[EventRounds "11"]
[EventCountry "ARM"]
[Source "lmi"]
[SourceDate "2014.03.02"]

1. e4 c6 2. d4 d5 3. Nd2 dxe4 4. Nxe4 Nd7 5. Ng5 Ngf6 6. Bd3 e6 7. N1f3 Bd6 8.
Qe2 h6 9. Ne4 Nxe4 10. Qxe4 Nf6 11. Qh4 Rg8 12. Nd2 g5 13. Qxh6 Bf8 14. Qh3
Qxd4 15. O-O g4 16. Qe3 Qd5 17. Ne4 Nxe4 18. Qxe4 Bd6 19. Qh7 Rf8 20. Bh6 Bd7
21. Bxf8 Bxf8 22. Qh4 Qd4 23. h3 e5 24. Rfe1 Bg7 25. Rad1 Qxb2 26. Bc4 Bf5 27.
Qg5 1-0

[Event "Europa ch 2014"]
[Site "Yerevan ARM"]
[Date "2014.03.07"]
[Round "5.80"]
[White "Sargsyan, Shant"]
[Black "Chibukhchian, Artur"]
[Result "0-1"]
[WhiteElo "2027"]
[BlackElo "2446"]
[PlyCount "72"]
[EventDate "2014.03.03"]
[EventType "swiss"]
[EventRounds "11"]
[EventCountry "ARM"]
[Source "lmi"]
[SourceDate "2014.03.02"]

1. d4 g6 2. Nf3 Bg7 3. c4 c5 4. Nc3 cxd4 5. Nxd4 Nc6 6. Nc2 d6 7. g3 Bxc3+ 8.
bxc3 Qa5 9. Bd2 Ne5 10. Ne3 Bd7 11. Bg2 Bc6 12. Bxc6+ bxc6 13. Qb3 Nf6 14. f4
Ned7 15. Qb7 O-O 16. Qxc6 Rfc8 17. Qf3 Rab8 18. g4 Nc5 19. g5 Nfe4 20. Nd5 Qxa2
21. O-O Qxd2 22. Nxe7+ Kg7 23. Nxc8 Rxc8 24. Qh3 Ra8 25. f5 Qxg5+ 26. Kh1 Nf6
27. Qf3 Nce4 28. Ra6 Rc8 29. Rxa7 Rxc4 30. fxg6 hxg6 31. Re7 d5 32. Qh3 Rxc3
33. Rxf7+ Kxf7 34. Qd7+ Kf8 35. Qd8+ Kg7 36. Qe7+ Kh8 0-1

[Event "Europa ch 2014"]
[Site "Yerevan ARM"]
[Date "2014.03.07"]
[Round "5.81"]
[White "Minasian, Ara"]
[Black "Antinyan, Armen"]
[Result "1-0"]
[WhiteElo "2432"]
[BlackElo "2155"]
[PlyCount "75"]
[EventDate "2014.03.03"]
[EventType "swiss"]
[EventRounds "11"]
[EventCountry "ARM"]
[Source "lmi"]
[SourceDate "2014.03.02"]

1. Nf3 Nf6 2. c4 d6 3. d4 g6 4. g3 Bg7 5. Bg2 O-O 6. O-O c5 7. Nc3 Nc6 8. dxc5
dxc5 9. Bf4 Be6 10. Ne5 Na5 11. Qc2 Nh5 12. Rad1 Qe8 13. Nd5 Rc8 14. Bd2 Bxe5
15. Bxa5 b6 16. Bd2 Bg7 17. Bg5 Nf6 18. e4 h6 19. Nxf6+ exf6 20. Bf4 Kh7 21.
Bd6 Rg8 22. f4 f5 23. e5 Bf8 24. Bxf8 Qxf8 25. Rd6 Qe7 26. Rfd1 Rcd8 27. b3 Kg7
28. Qd2 Rc8 29. Bd5 Rc7 30. Bxe6 fxe6 31. b4 cxb4 32. Qxb4 Rgc8 33. Qb5 Kf8 34.
R1d4 g5 35. Qb3 gxf4 36. Rxf4 Rc5 37. Qe3 Kg7 38. Rxf5 1-0

[Event "Europa ch 2014"]
[Site "Yerevan ARM"]
[Date "2014.03.07"]
[Round "5.82"]
[White "Petrosian, Tigran L"]
[Black "Vardanian, Haik G"]
[Result "1-0"]
[WhiteElo "2639"]
[BlackElo "2327"]
[PlyCount "57"]
[EventDate "2014.03.03"]
[EventType "swiss"]
[EventRounds "11"]
[EventCountry "ARM"]
[Source "lmi"]
[SourceDate "2014.03.02"]

1. Nf3 Nf6 2. g3 d6 3. d4 Bg4 4. Bg2 c6 5. h3 Bxf3 6. Bxf3 e5 7. O-O e4 8. Bg2
d5 9. c4 Be7 10. Nc3 O-O 11. Qb3 Qd7 12. Bg5 Rd8 13. e3 Na6 14. cxd5 cxd5 15.
f3 exf3 16. Rxf3 Nc7 17. Raf1 a5 18. a4 Qc8 19. Rf5 Ra6 20. g4 Qb8 21. Bf4 Bd6
22. Be5 Bxe5 23. dxe5 Nd7 24. Nxd5 Ne6 25. Rxf7 Ndc5 26. Qc2 Qxe5 27. Nf6+ Kxf7
28. Nd7+ Qf6 29. Rxf6+ 1-0

[Event "Europa ch 2014"]
[Site "Yerevan ARM"]
[Date "2014.03.07"]
[Round "5.83"]
[White "Pantsulaia, Levan"]
[Black "Musalov, Ruslan"]
[Result "1-0"]
[WhiteElo "2606"]
[BlackElo "2340"]
[PlyCount "135"]
[EventDate "2014.03.03"]
[EventType "swiss"]
[EventRounds "11"]
[EventCountry "ARM"]
[Source "lmi"]
[SourceDate "2014.03.02"]

1. Nf3 c5 2. c4 Nc6 3. Nc3 g6 4. e3 Nf6 5. d4 cxd4 6. exd4 d5 7. cxd5 Nxd5 8.
Qb3 Nxc3 9. Bc4 Nd5 10. Bxd5 e6 11. Bxc6+ bxc6 12. O-O f6 13. Bf4 Qd5 14. Rfc1
g5 15. Bg3 h5 16. h4 Qxb3 17. axb3 g4 18. Nd2 Bh6 19. Rxc6 Bd7 20. Rc2 Bxd2 21.
Rxd2 Bc6 22. Rc2 Bd5 23. Rc7 O-O 24. b4 a6 25. Rac1 Rf7 26. Rxf7 Kxf7 27. Rc7+
Kg6 28. Bd6 Rd8 29. Bc5 Bc4 30. Kh2 Bb5 31. Rb7 Rd7 32. Rb8 Rd5 33. Rb6 Kf7 34.
Kg3 e5 35. dxe5 Rxe5 36. Kf4 Kg6 37. f3 Rf5+ 38. Kg3 gxf3 39. gxf3 Rd5 40. Be7
Rf5 41. f4 Kf7 42. Bd8 Rd5 43. Bxf6 Rd3+ 44. Kf2 Kg6 45. Be5+ Kf5 46. Rh6 Ke4
47. Rxh5 Rd2+ 48. Ke1 Rh2 49. Bd6 Rh1+ 50. Kf2 Rf1+ 51. Kg2 Rb1 52. Re5+ Kd3
53. h5 Bc6+ 54. Kg3 Rg1+ 55. Kh4 Bf3 56. h6 Rg4+ 57. Kh3 Rg1 58. f5 Rh1+ 59.
Kg3 Be4 60. Rxe4 Kxe4 61. f6 Rxh6 62. f7 Rg6+ 63. Kh4 Rxd6 64. f8=Q Kd5 65.
Qf5+ Kc6 66. Qc8+ Kd5 67. Kg3 Rc6 68. Qb7 1-0

[Event "Europa ch 2014"]
[Site "Yerevan ARM"]
[Date "2014.03.07"]
[Round "5.84"]
[White "Nevednichy, Vladislav"]
[Black "Deac, Bogdan-Daniel"]
[Result "1/2-1/2"]
[WhiteElo "2591"]
[BlackElo "2322"]
[PlyCount "120"]
[EventDate "2014.03.03"]
[EventType "swiss"]
[EventRounds "11"]
[EventCountry "ARM"]
[Source "lmi"]
[SourceDate "2014.03.02"]

1. e4 c6 2. d4 d5 3. e5 Bf5 4. c4 e6 5. Nc3 Ne7 6. Nge2 Nd7 7. Ng3 Bg6 8. h4 h5
9. a3 dxc4 10. Bxc4 Nf5 11. Nxf5 Bxf5 12. Be3 Be7 13. g3 Nb6 14. Be2 Bg6 15.
Qb3 Qd7 16. O-O Nd5 17. Nxd5 exd5 18. Kh2 Bf5 19. Qd1 g6 20. Bg5 Bxg5 21. hxg5
a6 22. Rc1 a5 23. Rh1 Kf8 24. Qd2 Kg7 25. Kg2 b6 26. Rh4 Rac8 27. Rch1 Rce8 28.
Qf4 Qe6 29. g4 hxg4 30. Bxg4 Rxh4 31. Rxh4 Bxg4 32. Qf6+ Qxf6 33. gxf6+ Kg8 34.
Rxg4 c5 35. f4 cxd4 36. Kf3 Kf8 37. Rh4 Kg8 38. Rh2 Rc8 39. Rd2 Rc4 40. Kg4 a4
41. Kg5 b5 42. f5 gxf5 43. Kxf5 Kf8 44. Rh2 Kg8 45. e6 fxe6+ 46. Kxe6 Rc6+ 47.
Ke7 Rc7+ 48. Kd6 Rc1 49. Rd2 d3 50. Rxd3 Rc2 51. b4 axb3 52. Rxb3 Kf7 53. Rxb5
Kxf6 54. Rxd5 Ra2 55. Rd3 Kf5 56. Kd5 Kf6 57. Re3 Kf5 58. Rf3+ Kg4 59. Ke4 Re2+
60. Re3 Rxe3+ 1/2-1/2

[Event "Europa ch 2014"]
[Site "Yerevan ARM"]
[Date "2014.03.07"]
[Round "5.85"]
[White "Salomon, Johan"]
[Black "Roiz, Michael"]
[Result "0-1"]
[WhiteElo "2340"]
[BlackElo "2591"]
[PlyCount "66"]
[EventDate "2014.03.03"]
[EventType "swiss"]
[EventRounds "11"]
[EventCountry "ARM"]
[Source "lmi"]
[SourceDate "2014.03.02"]

1. Nf3 d5 2. d4 c6 3. c4 e6 4. Nc3 Nf6 5. Bg5 h6 6. Bxf6 Qxf6 7. e3 Nd7 8. Bd3
dxc4 9. Bxc4 Bd6 10. O-O Qe7 11. Ne4 Bc7 12. Rc1 O-O 13. Bb3 Rd8 14. Qc2 Rb8
15. Rfd1 a5 16. a3 Nf8 17. Nc5 Bd7 18. Nxd7 Rxd7 19. Qe4 Nh7 20. Bc2 Nf6 21.
Qh4 Rbd8 22. Nd2 e5 23. Nb3 Rd5 24. dxe5 Bxe5 25. Rxd5 Rxd5 26. Rb1 Qd8 27. g3
b5 28. a4 Qb6 29. Bd1 c5 30. Bf3 Rd8 31. Nc1 Rd2 32. b3 Qe6 33. axb5 Qf5 0-1

[Event "Europa ch 2014"]
[Site "Yerevan ARM"]
[Date "2014.03.07"]
[Round "5.86"]
[White "Alaverdyan, Gevorg"]
[Black "Svetushkin, Dmitry"]
[Result "0-1"]
[WhiteElo "2311"]
[BlackElo "2582"]
[PlyCount "116"]
[EventDate "2014.03.03"]
[EventType "swiss"]
[EventRounds "11"]
[EventCountry "ARM"]
[Source "lmi"]
[SourceDate "2014.03.02"]

1. d4 d5 2. Nf3 Nf6 3. c4 c6 4. g3 Bf5 5. Nbd2 h6 6. Bg2 e6 7. O-O Nbd7 8. b3
Be7 9. Bb2 Qb6 10. Ne5 Rd8 11. Nxd7 Rxd7 12. c5 Qc7 13. b4 Rd8 14. Qb3 Ne4 15.
Nxe4 Bxe4 16. f3 Bf5 17. e4 Bg6 18. e5 b6 19. f4 Rb8 20. Qc3 bxc5 21. bxc5 Qb7
22. Ba3 Qa6 23. g4 Bd3 24. Rfd1 Be2 25. Rdb1 Kd7 26. h3 h5 27. g5 Qd3 28. Qxd3
Bxd3 29. Rb2 h4 30. Rb3 Bc2 31. Rc3 Bf5 32. Bc1 Rb4 33. Ra3 Ra8 34. Be3 f6 35.
Rf1 a5 36. Rf2 a4 37. Kh2 Rab8 38. Bf1 Be4 39. Bd3 f5 40. Bxe4 fxe4 41. g6 Rc4
42. Kg2 Bd8 43. f5 exf5 44. Rxf5 Ke6 45. Rf7 Rb2+ 46. Kg1 Rb1+ 47. Kg2 Rc2+ 48.
Rf2 Rbb2 49. Rxa4 Rxf2+ 50. Bxf2 e3 51. Kf3 exf2 52. Kg2 Bg5 53. Ra6 Be3 54.
Rxc6+ Kd7 55. Rd6+ Ke7 56. Rb6 Rxb6 57. cxb6 Bxd4 58. b7 Ba7 0-1

[Event "Europa ch 2014"]
[Site "Yerevan ARM"]
[Date "2014.03.07"]
[Round "5.87"]
[White "Golod, Vitali"]
[Black "Mikaelyan, Arman"]
[Result "1-0"]
[WhiteElo "2573"]
[BlackElo "2291"]
[PlyCount "89"]
[EventDate "2014.03.03"]
[EventType "swiss"]
[EventRounds "11"]
[EventCountry "ARM"]
[Source "lmi"]
[SourceDate "2014.03.02"]

1. d4 d5 2. c4 c6 3. Nf3 Nf6 4. e3 e6 5. Nc3 Nbd7 6. Qc2 Bd6 7. b3 O-O 8. Bb2
b6 9. Bd3 Bb7 10. O-O Qe7 11. e4 dxc4 12. Bxc4 e5 13. Ne2 c5 14. d5 Nh5 15. a4
a6 16. g4 Nhf6 17. Ng3 Nxg4 18. Nf5 Qf6 19. Bc1 Nh6 20. Bxh6 gxh6 21. Kh1 Kh8
22. Rg1 Rg8 23. Qd2 Rg6 24. N3h4 Rxg1+ 25. Rxg1 Rg8 26. Rxg8+ Kxg8 27. Nxh6+
Kf8 28. N4f5 Ke8 29. f3 Qg6 30. Qe2 Nb8 31. Qf2 Bf8 32. Qh4 Nd7 33. d6 Qf6 34.
Bxf7+ Kd8 35. Qxf6+ Nxf6 36. Be6 Ke8 37. Nf7 Nd7 38. Bxd7+ Kxf7 39. Kg2 Kf6 40.
Kf2 Kf7 41. Ke2 Kf6 42. Kd3 Kg5 43. h4+ Kf4 44. Ke2 a5 45. Kf2 1-0

[Event "Europa ch 2014"]
[Site "Yerevan ARM"]
[Date "2014.03.07"]
[Round "5.88"]
[White "Schreiner, Peter"]
[Black "Khachatryan, Vahagn"]
[Result "0-1"]
[WhiteElo "2455"]
[BlackElo "2278"]
[PlyCount "84"]
[EventDate "2014.03.03"]
[EventType "swiss"]
[EventRounds "11"]
[EventCountry "ARM"]
[Source "lmi"]
[SourceDate "2014.03.02"]

1. Nf3 Nf6 2. g3 d5 3. Bg2 c6 4. O-O Bg4 5. c4 e6 6. d3 Be7 7. Qb3 Qb6 8. Be3
Qxb3 9. axb3 Na6 10. Nc3 Nd7 11. h3 Bxf3 12. Bxf3 Ndc5 13. Ra3 Nd7 14. Ra5 Ndc5
15. Ra3 Nd7 16. Ra2 Ndc5 17. cxd5 exd5 18. Bxc5 Bxc5 19. Rc1 Ke7 20. Ra4 Bd6
21. Rca1 Nc5 22. Rxa7 Rxa7 23. Rxa7 Rb8 24. Ra3 Ne6 25. Ra4 Nc5 26. Rg4 g6 27.
Rh4 h5 28. b4 Ne6 29. b5 d4 30. Ne4 Be5 31. g4 cxb5 32. g5 Rc8 33. e3 Rc1+ 34.
Kg2 Rc2 35. Kf1 Rxb2 36. Nf6 Nxg5 37. Nd5+ Kd6 38. Bg2 dxe3 39. Nxe3 Ne6 40.
Bxb7 Nf4 41. Ke1 Nxd3+ 42. Kd1 Bf6 0-1

[Event "Europa ch 2014"]
[Site "Yerevan ARM"]
[Date "2014.03.07"]
[Round "5.89"]
[White "Melia, Salome"]
[Black "Vardanian, Hakob"]
[Result "1-0"]
[WhiteElo "2453"]
[BlackElo "2270"]
[PlyCount "99"]
[EventDate "2014.03.03"]
[EventType "swiss"]
[EventRounds "11"]
[EventCountry "ARM"]
[Source "lmi"]
[SourceDate "2014.03.02"]

1. e4 c5 2. Nf3 d6 3. Bb5+ Bd7 4. Bxd7+ Qxd7 5. c4 Nf6 6. Nc3 Nc6 7. d4 cxd4 8.
Nxd4 Qg4 9. Qxg4 Nxg4 10. Nxc6 bxc6 11. Bf4 g6 12. h3 Nf6 13. e5 Nh5 14. Bh2
dxe5 15. Bxe5 f6 16. Bh2 Bh6 17. Rd1 Kf7 18. Ke2 Rhd8 19. Bc7 Nf4+ 20. Kf3 Rd3+
21. Rxd3 Nxd3 22. b3 Rc8 23. Ba5 c5 24. Na4 Nc1 25. Rd1 Nxa2 26. Rd5 Nc1 27.
Nxc5 e6 28. Rd7+ Ke8 29. Rc7 Rxc7 30. Bxc7 Bf8 31. Nxe6 Nxb3 32. Nxf8 Kxf8 33.
Ke4 Ke7 34. Kd5 Kd7 35. Bd6 Na5 36. Bb4 Nc6 37. Bc3 f5 38. h4 a5 39. Kc5 a4 40.
Bb2 f4 41. Kb5 f3 42. g3 Ne7 43. Kxa4 Nf5 44. Be5 Kc6 45. Kb4 Ne3 46. Bd4 Nf5
47. Kc3 h5 48. Kd3 Nd6 49. c5 Nf5 50. Ke4 1-0

[Event "Europa ch 2014"]
[Site "Yerevan ARM"]
[Date "2014.03.07"]
[Round "5.90"]
[White "Simonian, Tigran"]
[Black "Matevosyan, Sedrak"]
[Result "1-0"]
[WhiteElo "2425"]
[BlackElo "2213"]
[PlyCount "95"]
[EventDate "2014.03.03"]
[EventType "swiss"]
[EventRounds "11"]
[EventCountry "ARM"]
[Source "lmi"]
[SourceDate "2014.03.02"]

1. d4 Nf6 2. Nf3 e6 3. e3 b6 4. Bd3 Bb7 5. O-O c5 6. c4 Be7 7. Nc3 cxd4 8. exd4
d5 9. cxd5 Nxd5 10. Ne5 O-O 11. Qh5 Nf6 12. Qh4 Nc6 13. Bg5 g6 14. Ba6 h6 15.
Bxb7 hxg5 16. Qh3 Nxd4 17. Bxa8 Qxa8 18. Rad1 Nf5 19. Nd7 Rc8 20. Nxf6+ Bxf6
21. Rd7 a5 22. Qd3 Bxc3 23. bxc3 Kg7 24. Qb5 Qe4 25. Qxb6 Rxc3 26. Qa7 Nh6 27.
Qxa5 Rc2 28. Rd2 Rc4 29. Qxg5 Nf5 30. h3 Ra4 31. Rfd1 e5 32. Qg4 Qc6 33. Qe2 e4
34. Rc2 Qa8 35. Qd2 e3 36. fxe3 Qa7 37. Qc3+ Kh7 38. Rd3 Rxa2 39. Rxa2 Qxa2 40.
Rd8 Ng7 41. Kh2 Qe6 42. Qd4 Qe7 43. Rd7 Qe6 44. e4 Kg8 45. Ra7 Kh7 46. Qd5 Kg8
47. Ra8+ Kh7 48. Rf8 1-0

[Event "Europa ch 2014"]
[Site "Yerevan ARM"]
[Date "2014.03.07"]
[Round "5.91"]
[White "Paravyan, David"]
[Black "Hairapetian, Anna"]
[Result "1-0"]
[WhiteElo "2423"]
[BlackElo "2188"]
[PlyCount "135"]
[EventDate "2014.03.03"]
[EventType "swiss"]
[EventRounds "11"]
[EventCountry "ARM"]
[Source "lmi"]
[SourceDate "2014.03.02"]

1. b3 e5 2. Bb2 d6 3. c4 Nf6 4. Nf3 Nbd7 5. d4 exd4 6. Qxd4 g6 7. Nc3 Bg7 8.
Qe3+ Qe7 9. Qxe7+ Kxe7 10. Nd5+ Nxd5 11. Bxg7 Rg8 12. Bb2 Nb4 13. Kd2 Nc5 14.
Nd4 a5 15. f3 f5 16. e3 Bd7 17. Be2 Rge8 18. h3 Kf7 19. g4 fxg4 20. hxg4 Kg8
21. Bc3 Re7 22. Rhe1 Rae8 23. Bf1 Rf8 24. e4 b6 25. Re3 Ref7 26. Be2 h6 27. a3
Nc6 28. b4 Nxd4 29. Bxd4 Ne6 30. Bc3 c5 31. bxa5 bxa5 32. Rb1 Nf4 33. Rb6 h5
34. gxh5 gxh5 35. Rxd6 h4 36. Be5 h3 37. Rh6 Rh7 38. Rxh7 Kxh7 39. Rb3 Kg6 40.
Rb1 Kh5 41. Ke3 Nxe2 42. Kxe2 Rg8 43. Ke3 Re8 44. Bd6 Rc8 45. Rb7 Be6 46. Re7
Bg8 47. Rg7 Kh6 48. Rg4 Kh7 49. Be7 Bxc4 50. Rh4+ Kg6 51. Rxh3 Be6 52. Rh2 Kf7
53. Bd6 Rc6 54. Be5 Rb6 55. Rh7+ Ke8 56. Kf4 Bd7 57. Rh8+ Kf7 58. Rh7+ Ke8 59.
Kg5 Rb3 60. f4 Bc6 61. Bd6 c4 62. Kf6 c3 63. Ke6 Kd8 64. f5 c2 65. Bf4 Rf3 66.
Rh8+ Be8 67. Bg5+ Kc7 68. Rxe8 1-0

[Event "Europa ch 2014"]
[Site "Yerevan ARM"]
[Date "2014.03.07"]
[Round "5.92"]
[White "Chudinovskikh, Alexander M"]
[Black "Dastan, Muhammed Batuhan"]
[Result "1/2-1/2"]
[WhiteElo "2280"]
[BlackElo "2416"]
[PlyCount "103"]
[EventDate "2014.03.03"]
[EventType "swiss"]
[EventRounds "11"]
[EventCountry "ARM"]
[Source "lmi"]
[SourceDate "2014.03.02"]

1. Nf3 f5 2. g3 Nf6 3. Bg2 g6 4. O-O Bg7 5. d4 O-O 6. c4 d6 7. Nc3 c6 8. b3 Na6
9. Bb2 Qe8 10. d5 Bd7 11. Nd4 Rd8 12. Qd2 e5 13. dxe6 Bxe6 14. Qe3 Bf7 15. Qxe8
Rfxe8 16. Rab1 d5 17. cxd5 Nxd5 18. Nxd5 Bxd5 19. e3 Kf7 20. Bc3 Nc5 21. Rfd1
Bxg2 22. Kxg2 Ne4 23. Ba1 c5 24. Ne2 Rxd1 25. Rxd1 Bxa1 26. Rxa1 Rd8 27. f3 Rd2
28. fxe4 Rxe2+ 29. Kf3 Rxh2 30. exf5 gxf5 31. Rc1 Rxa2 32. Rxc5 Kg6 33. Rc7 b6
34. g4 fxg4+ 35. Kxg4 h5+ 36. Kf4 Rf2+ 37. Ke5 Rf7 38. Rc1 Rf5+ 39. Kd6 Rf6+
40. Kd5 Rf3 41. e4 Rd3+ 42. Ke6 h4 43. e5 Rxb3 44. Ke7 h3 45. Rc2 Kg7 46. e6
Re3 47. Kd7 a5 48. e7 a4 49. Rh2 Kf6 50. Rxh3 Rxe7+ 51. Kc6 Re2 52. Kxb6
1/2-1/2

[Event "Europa ch 2014"]
[Site "Yerevan ARM"]
[Date "2014.03.07"]
[Round "5.93"]
[White "Kanter, Eduard"]
[Black "Tiraturyan, David"]
[Result "1-0"]
[WhiteElo "2410"]
[BlackElo "2201"]
[PlyCount "142"]
[EventDate "2014.03.03"]
[EventType "swiss"]
[EventRounds "11"]
[EventCountry "ARM"]
[Source "lmi"]
[SourceDate "2014.03.02"]

1. d4 d6 2. Nf3 Bg4 3. c4 Bxf3 4. exf3 c6 5. Nc3 g6 6. Be2 Bg7 7. Be3 e6 8. Qb3
Qc7 9. d5 exd5 10. cxd5 Ne7 11. g4 O-O 12. Rd1 Nd7 13. O-O Nf6 14. dxc6 bxc6
15. Qa3 Nfd5 16. Bd4 Bxd4 17. Rxd4 Nxc3 18. Qxc3 Rac8 19. Rfd1 Rfd8 20. Qa3 Nd5
21. Bc4 Nb6 22. Ba6 c5 23. Bxc8 cxd4 24. Ba6 Qc5 25. Qd3 Re8 26. Qxd4 Re1+ 27.
Bf1 Rxd1 28. Qxd1 d5 29. Qd2 d4 30. Bd3 Nd7 31. f4 h5 32. g5 Nf8 33. Qc2 Qd5
34. Bc4 Qf3 35. Qd2 h4 36. Qxd4 h3 37. Bd5 Qe2 38. Bc4 Qf3 39. Kf1 Qg2+ 40. Ke2
Qg4+ 41. Ke3 a5 42. Qf6 Qd7 43. b3 Qe8+ 44. Kd3 Ne6 45. Bxe6 fxe6 46. Ke3 Kh7
47. f3 Qd7 48. Qf8 Qa7+ 49. Ke2 Qa6+ 50. Kd2 Qb6 51. Qh6+ Kg8 52. Qxg6+ Kf8 53.
Qh6+ Ke7 54. Qxh3 Qd4+ 55. Ke2 Qb2+ 56. Kf1 Qb1+ 57. Kg2 Qxa2+ 58. Kg3 Qxb3 59.
g6 Qb1 60. Qh4+ Kd7 61. Qf6 Qg1+ 62. Kh3 Qf1+ 63. Kh4 Qf2+ 64. Kg4 Qg2+ 65. Kh5
Qxh2+ 66. Kg5 Qg3+ 67. Kh6 Qh3+ 68. Kg7 Qxf3 69. Kf7 Qh5 70. Qg5 Qh8 71. Qe7+
Kc6 1-0

[Event "Europa ch 2014"]
[Site "Yerevan ARM"]
[Date "2014.03.07"]
[Round "5.94"]
[White "Nadanian, Ashot"]
[Black "Ghvamberia, Nika"]
[Result "1/2-1/2"]
[WhiteElo "2399"]
[BlackElo "2133"]
[PlyCount "88"]
[EventDate "2014.03.03"]
[EventType "swiss"]
[EventRounds "11"]
[EventCountry "ARM"]
[Source "lmi"]
[SourceDate "2014.03.02"]

1. e4 c5 2. Nf3 e6 3. d4 cxd4 4. Nxd4 a6 5. Nc3 Qc7 6. Qf3 Nc6 7. Nxc6 bxc6 8.
Bd3 Nf6 9. Qg3 Qxg3 10. hxg3 d6 11. b3 Be7 12. Ba3 Bb7 13. f3 Nd7 14. O-O-O c5
15. Rd2 O-O-O 16. Na4 h5 17. Be2 h4 18. Rh3 hxg3 19. Rxg3 g6 20. Bb2 Rh2 21.
Rd1 d5 22. exd5 exd5 23. f4 Bd6 24. Rf1 Re8 25. Bg4 f5 26. Bh3 Rh1 27. Rgf3
Rxf1+ 28. Rxf1 Re4 29. Kd1 Bc6 30. g3 Re3 31. Rg1 d4 32. Bf1 a5 33. Be2 Bxa4
34. bxa4 Nb6 35. Bc1 Re7 36. Ba6+ Kc7 37. Bb5 Nd5 38. Bd2 Kb6 39. Rh1 Ne3+ 40.
Kc1 c4 41. c3 Ba3+ 42. Kb1 d3 43. Re1 Bc5 44. Bxe3 Rxe3 1/2-1/2